Tatranská múza (Record no. 20457)
[ view plain ]
| 000 -LEADER | |
|---|---|
| fixed length control field | 01646nam a2200457 a 4500 |
| 001 - CONTROL NUMBER | |
| control field | 20457 |
| 003 - CONTROL NUMBER IDENTIFIER | |
| control field | VRT |
| 005 - DATE AND TIME OF LATEST TRANSACTION | |
| control field | 20260122142811.0 |
| 008 - FIXED-LENGTH DATA ELEMENTS--GENERAL INFORMATION | |
| fixed length control field | 961209q1995 xo p 000 p slo c |
| 020 ## - INTERNATIONAL STANDARD BOOK NUMBER | |
| International Standard Book Number | 8088834236 (brož.) |
| 035 ## - SYSTEM CONTROL NUMBER | |
| System control number | UKB000210390 |
| 040 ## - CATALOGING SOURCE | |
| Original cataloging agency | BAA001 |
| Language of cataloging | slo |
| Transcribing agency | BAA001 |
| Description conventions | AACR2 |
| 041 1# - LANGUAGE CODE | |
| Language code of text/sound track or separate title | slo |
| 044 ## - COUNTRY OF PUBLISHING/PRODUCING ENTITY CODE | |
| MARC country code | xo |
| ISO country code | SK |
| 080 ## - UNIVERSAL DECIMAL CLASSIFICATION NUMBER | |
| Universal Decimal Classification number | 885.4-1 |
| 100 1# - MAIN ENTRY--PERSONAL NAME | |
| Personal name | Šafárik, Pavol Jozef |
| Dates associated with a name | 1795-1861 |
| 243 10 - COLLECTIVE UNIFORM TITLE | |
| Uniform title | <a href="Slovenský klasicizmus">Slovenský klasicizmus</a> |
| 245 00 - TITLE STATEMENT | |
| Title | Tatranská múza |
| Remainder of title | výber z poézie |
| Statement of responsibility, etc. | Pavol Jozef Šafárik, Ján Hollý, Ján Kollár ; [prel. Ľubomír Feldek ... et al.] |
| 260 ## - PUBLICATION, DISTRIBUTION, ETC. | |
| Place of publication, distribution, etc. | Rohovce |
| Name of publisher, distributor, etc. | Interpopulart Slovakia |
| Date of publication, distribution, etc. | [1995] |
| 300 ## - PHYSICAL DESCRIPTION | |
| Extent | 113 s |
| 490 1# - SERIES STATEMENT | |
| Series statement | Populart. Študentská knižnica |
| Volume/sequential designation | 26 |
| 500 ## - GENERAL NOTE | |
| General note | Slovenský klasicizmus |
| 504 ## - BIBLIOGRAPHY, ETC. NOTE | |
| Bibliography, etc. note | Bibliogr. s. 113 |
| 505 1# - FORMATTED CONTENTS NOTE | |
| Formatted contents note | Tatranská múza s lýrou slovanskou / P.J. Šafárik ; Svätopluk / Ján Hollý ; Dcéra Slávy / Ján Kollár |
| 650 07 - SUBJECT ADDED ENTRY--TOPICAL TERM | |
| Topical term or geographic name entry element | literatúra slovenská klasicistická |
| 650 07 - SUBJECT ADDED ENTRY--TOPICAL TERM | |
| Topical term or geographic name entry element | poézia |
| 653 ## - INDEX TERM--UNCONTROLLED | |
| Uncontrolled term | 885.4-1 |
| 700 1# - ADDED ENTRY--PERSONAL NAME | |
| Personal name | Hollý, Ján, |
| Dates associated with a name | 1785-1849 |
| Relationship | aut |
| 700 1# - ADDED ENTRY--PERSONAL NAME | |
| Personal name | Kollár, Ján, |
| Dates associated with a name | 1793-1852 |
| Relationship | aut |
| 700 1# - ADDED ENTRY--PERSONAL NAME | |
| Personal name | Feldek, Ľubomír, |
| Dates associated with a name | 1936- |
| Relationship | trl |
| 760 1# - MAIN SERIES ENTRY | |
| Title | Populart. Študentská knižnica |
| 774 0# - CONSTITUENT UNIT ENTRY | |
| Title | Tatranská múza s lýrou slovanskou |
| Main entry heading | Šafárik, Pavol Jozef, 1795-1861 |
| 774 0# - CONSTITUENT UNIT ENTRY | |
| Title | Svätopluk |
| Main entry heading | Hollý, Ján, 1785-1849 |
| 774 0# - CONSTITUENT UNIT ENTRY | |
| Title | Dcéra Slávy |
| Main entry heading | Kollár, Ján, 1793-1852 |
| 830 #0 - SERIES ADDED ENTRY--UNIFORM TITLE | |
| Uniform title | Populart. Študentská knižnica |
| Volume/sequential designation | 26 |
| 910 ## - USER-OPTION DATA (OCLC) | |
| User-option data | ukb |
| 942 ## - ADDED ENTRY ELEMENTS (KOHA) | |
| Source of classification or shelving scheme | Dewey Decimal Classification |
| Koha item type | Krásna literatúra pre dospelých |
| Suppress in OPAC | No |
| 949 ## - LOCAL PROCESSING INFORMATION (OCLC) | |
| 6 | 1800009228 |
| a | 30.D.66678 |
| b | PV.5671-96 |
| 949 ## - LOCAL PROCESSING INFORMATION (OCLC) | |
| 6 | 1800009227 |
| a | SL.D.24701 |
| b | PV.5672-96 |
| 949 ## - LOCAL PROCESSING INFORMATION (OCLC) | |
| 6 | 1800065036 |
| a | 30.D.66678 |
| b | NA.236-99 |
| Stav vyradenia | Strata | Poškodenie | Spôsob nadobudnutia | Domovská knižnica | Aktuálna knižnica | Dátum nadobudnutia | Total checkouts | Čiarový kód exemplára | Date last seen | Typ exemplára |
|---|---|---|---|---|---|---|---|---|---|---|
| Dar | Obecná knižnica Horná Štubňa | Obecná knižnica Horná Štubňa | 22.01.2026 | 8088834236 | 22.01.2026 | Krásna literatúra pre dospelých |
